[Event "3rd ACP Blitz Final"]
[Site "playchess.com INT"]
[Date "2004.06.05"]
[Round "1.3"]
[White "Landa,K"]
[Black "Fressinet,L"]
[Result "1-0"]
[WhiteElo "2550"]
[BlackElo "2638"]

1.e4 c5 2.Nf3 d6 3.d4 cxd4 4.Nxd4 Nf6 5.Nc3 a6 6.Be3 e5 7.Nb3 Be6 8.Be2 Be7
9.O-O Nbd7 10.a4 O-O 11.a5 Qc7 12.Qd2 Rfc8 13.Rfd1 Nc5 14.Nxc5 dxc5 15.f3 c4
16.Na4 Nd7 17.Qc3 Qc6 18.Kh1 Qb5 19.Qe1 Bb4 20.Bd2 Bxd2 21.Qxd2 Rab8 22.b4 Rd8
23.Nc5 Qc6 24.c3 h6 25.Nxe6 Qxe6 26.Qd6 Qxd6 27.Rxd6 Nf6 28.Rad1 Rxd6 29.Rxd6 Rc8
30.Kg1 Kf8 31.Kf2 Ke7 32.Rb6 Rc7 33.b5 axb5 34.Rxb5 Nd7 35.Rb4 Nc5 36.Bxc4 f6
37.Ke3 Rc8 38.Bd5 Rc7 39.c4 Kd6 40.Rb6+ Kd7 41.g3 Kc8 42.h4 Kb8 43.h5 Ka7
44.f4 Re7 45.Kf3 exf4 46.gxf4 Re8 47.Rb5 Rc8 48.Kg4 Rc7 49.Kf5 Ka6 50.e5 fxe5
51.fxe5 Rc8 52.e6 Rf8+ 53.Kg6 Nxe6 54.Rb6+ Kxa5 55.Rxe6  1-0

[Event "Rapid Open"]
[Site "Echternach GER"]
[Date "2004.06.06"]
[Round "7"]
[White "Kritz,L"]
[Black "Gouliev,N"]
[Result "1-0"]
[WhiteElo "2534"]
[BlackElo "2449"]

1.e4 c5 2.Nf3 d6 3.d4 cxd4 4.Nxd4 Nf6 5.Nc3 a6 6.Be3 e5 7.Nb3 Be6 8.f3 Nc6
9.Qe2 Be7 10.O-O-O O-O 11.g4 Rc8 12.Kb1 Na5 13.Qd2 Nc4 14.Bxc4 Rxc4 15.g5 Nd7
16.Nd5 Bxd5 17.Qxd5 Qc7 18.c3 b5 19.h4 Qc6 20.Na5 Qxd5 21.exd5 Rc7 22.Nc6 Re8
23.f4 Nb8 24.Nxb8 Rxb8 25.fxe5 Rc4 26.Bd4 b4 27.Kc2 bxc3 28.bxc3 Ra4 29.Rb1 Rxa2+
30.Kd3 Rd8 31.Rb7 Re8 32.e6 fxe6 33.dxe6 Rg2 34.Rf1 Bf8 35.Rbf7 Rg3+ 36.Kc2 Rg2+
37.Kd3 Rg3+ 38.Kc4 d5+ 39.Kxd5 Rg4 40.e7 Bxe7 41.Rxg7+ Kh8 42.Rff7 Bf8 43.Rxh7+ Kg8
44.Rd7 Rxd4+ 45.cxd4 a5 46.g6 a4 47.g7  1-0

[Event "1st Asean IM"]
[Site "Bangkok THA"]
[Date "2004.06.07"]
[Round "4"]
[White "Yeo Min Yang,E"]
[Black "Wynn Zaw Htun"]
[Result "0-1"]
[WhiteElo "2246"]
[BlackElo "2430"]

1.e4 c5 2.Nf3 d6 3.d4 cxd4 4.Nxd4 Nf6 5.Nc3 a6 6.Be3 Ng4 7.Bg5 h6 8.Bh4 g5
9.Bg3 Bg7 10.h3 Ne5 11.Nf5 Bxf5 12.exf5 Nbc6 13.Nd5 Nd7 14.c3 Nf6 15.Nxf6+ Bxf6
16.Bd3 Ne5 17.Be4 Qc7 18.Qa4+ b5 19.Qd1 Rb8 20.O-O h5 21.Re1 g4 22.h4 Qc5
23.Bd5 Kf8 24.Qb3 Nc4 25.Rad1 Kg7 26.Re2 Rhc8 27.Kh1 b4 28.Re4 Nd2 29.cxb4 Qc1
30.Qa4 Nxe4 31.Rxc1 Nxg3+ 32.Kh2 Rxc1 33.Kxg3 Be5+ 34.f4 Bxb2 35.Kf2 Rbc8
36.Bb3 Bd4+ 37.Ke2 Bc3 38.a3 Re1+ 39.Kf2 Re4 40.Bc2 Bd4+ 41.Kg3 Rc3+ 42.Kh2 g3+
43.Kh3 Re1  0-1

[Event "8th Open"]
[Site "Voronezh RUS"]
[Date "2004.06.14"]
[Round "3"]
[White "Rodin,D"]
[Black "Zakhartsov,V"]
[Result "0-1"]
[WhiteElo "2452"]
[BlackElo "2520"]

1.e4 c5 2.Nf3 d6 3.d4 cxd4 4.Nxd4 Nf6 5.Nc3 a6 6.Be3 e5 7.Nf3 h6 8.a4 Be6
9.Nd2 Qc7 10.a5 Nbd7 11.Ra4 d5 12.Bb6 Nxb6 13.axb6 Qd8 14.exd5 Nxd5 15.Nxd5 Qxd5
16.Bd3 Bc5 17.O-O Bxb6 18.Ne4 Qd8 19.Qh5 Bc7 20.Nc5 Bd5 21.Rg4 Qe7 22.c4 g6
23.Qh3 Bc6 24.b4 Bb6 25.Be4 Bxc5 26.Bxc6+ bxc6 27.bxc5 h5 28.Re4 Qxc5 29.Qc3 O-O
30.Rxe5 Qd6 31.Rfe1 Qf6 32.Qe3 a5 33.h3 a4 34.Ra1 Kg7 35.g4 hxg4 36.hxg4 Rfe8
37.f4 Rxe5 38.Qxe5 Qxe5 39.fxe5 Kh6 40.Kf2 Kg5 41.Ke3 a3 42.Kd4 Ra5 43.Ra2 Kxg4
44.Ke4 Kg3  0-1

[Event "8th Open"]
[Site "Voronezh RUS"]
[Date "2004.06.15"]
[Round "4"]
[White "Yandarbiev,R"]
[Black "Sidorov,A"]
[Result "1-0"]
[WhiteElo "2432"]
[BlackElo "2371"]

1.e4 c5 2.Nf3 d6 3.d4 cxd4 4.Nxd4 Nf6 5.Nc3 a6 6.Be3 e6 7.f3 Be7 8.g4 Nc6
9.Qd2 Nd7 10.O-O-O Nde5 11.Be2 Bd7 12.f4 Ng6 13.Nf3 b5 14.Kb1 Na5 15.Bd3 Qc7
16.g5 Bc6 17.Qf2 Rb8 18.Nd4 Bd7 19.h4 b4 20.Nce2 Nc4 21.Bc1 Nf8 22.f5 Ne5
23.Rhf1 Bd8 24.Nf4 Qb7 25.Nh5 Bb6 26.Nxg7+ Kd8 27.fxe6 fxe6 28.Qf6+ Kc7 29.Ngxe6+ Nxe6
30.Nxe6+ Bxe6 31.Qxe6 Rbe8 32.Qb3 Bc5 33.Bf4 Kb6 34.a4 Qf7 35.Qxf7 Nxf7 36.Bg3 Ne5
37.Rf6 Rhg8 38.Ka2 Rg7 39.Kb3 a5 40.Bb5 Ree7 41.Rd5 Rg6 42.Rxe5 Rxf6 43.gxf6 Rxe5
44.f7  1-0

[Event "Summer IV"]
[Site "Alushta UKR"]
[Date "2004.06.20"]
[Round "5"]
[White "Kuznetsov,Vi2"]
[Black "Derjabin,I"]
[Result "0-1"]
[WhiteElo "2375"]
[BlackElo "2391"]

1.e4 c5 2.Nf3 d6 3.d4 cxd4 4.Nxd4 Nf6 5.Nc3 a6 6.Be3 e5 7.Nb3 Be7 8.f3 Be6
9.Qd2 O-O 10.g4 d5 11.g5 d4 12.gxf6 Bxf6 13.Nc5 dxe3 14.Qxd8 Rxd8 15.Nxe6 fxe6
16.Bc4 Bh4+ 17.Ke2 Rd2+ 18.Kxe3 Bg5+ 19.f4 Bxf4+ 20.Kf3 Nc6 21.Bxe6+ Kh8
22.Bb3 Nd4+ 23.Kg4 Nxc2 24.Rab1 Ne3+ 25.Kh3 Rf2 26.Be6 Re8 27.Bg4 Rd8 28.Nd5 Rd6
29.Nxf4 exf4  0-1

[Event "TCh-CRO"]
[Site "Rabac CRO"]
[Date "2004.06.21"]
[Round "1"]
[White "Jurkovic,A"]
[Black "Kranjcevic,M"]
[Result "1-0"]
[WhiteElo "2324"]
[BlackElo "2215"]

1.e4 c5 2.Nf3 d6 3.d4 cxd4 4.Nxd4 Nf6 5.Nc3 a6 6.Be3 e6 7.g4 h6 8.Bg2 Qc7
9.h4 h5 10.g5 Ng4 11.Qe2 Nc6 12.f4 Bd7 13.O-O-O b5 14.Nxc6 Bxc6 15.Bd4 e5
16.Nd5 Bxd5 17.exd5 Rc8 18.Bf3 f6 19.Kb1 Be7 20.Bc3 Qc4 21.Bxg4 hxg4 22.Qxg4 b4
23.gxf6 gxf6 24.Qg6+ Kd8 25.Bd2 e4 26.Be3 Qxc2+ 27.Ka1 Rb8 28.Rc1 Qd3 29.Ba7 Rc8
30.Bb6+  1-0

[Event "Summer IV"]
[Site "Alushta UKR"]
[Date "2004.06.22"]
[Round "7"]
[White "Kuznetsov,Vi2"]
[Black "Ibrahimov,R"]
[Result "0-1"]
[WhiteElo "2375"]
[BlackElo "2460"]

1.e4 c5 2.Nf3 d6 3.d4 cxd4 4.Nxd4 Nf6 5.Nc3 a6 6.Be3 e6 7.f3 b5 8.g4 h6 9.Qd2 Nbd7
10.O-O-O Bb7 11.Bd3 Ne5 12.Rhe1 Qa5 13.Kb1 b4 14.Nce2 d5 15.exd5 Nxd5 16.Nf4 Nxf3
17.Nxf3 Nc3+ 18.bxc3 bxc3 19.Qc1 Ba3 20.Nd4 Bxc1 21.Bxc1 O-O 22.h4 e5 23.Nb3 Qc7
24.Nh5 Bf3 25.Be2 Bxe2 26.Rxe2 a5 27.a4 Qc4  0-1

[Event "TCh-CRO"]
[Site "Rabac CRO"]
[Date "2004.06.24"]
[Round "5"]
[White "Bozanic,I"]
[Black "Krkljes,S"]
[Result "1-0"]
[WhiteElo "2238"]
[BlackElo "2158"]

1.e4 c5 2.Nf3 d6 3.d4 cxd4 4.Nxd4 Nf6 5.Nc3 a6 6.Be3 e5 7.Nb3 Be6 8.Qd2 Nbd7
9.f3 h5 10.Nd5 Nxd5 11.exd5 Bf5 12.Bd3 Bxd3 13.Qxd3 Be7 14.O-O Bf6 15.c4 b6
16.Nd2 a5 17.Ne4 Nc5 18.Qc2 Nxe4 19.fxe4 O-O 20.Qf2 Rb8 21.Qf5 h4 22.g4 hxg3
23.hxg3 Qc8 24.Rac1 Qxf5 25.Rxf5 Rfc8 26.b3 Be7 27.Rf2 g6 28.g4 Bh4 29.Rfc2 f6
30.a3 Bg3 31.Rf1 Rf8 32.Kg2 Bh4 33.b4 axb4 34.axb4 Bg5 35.Bg1 Rfc8 36.Ra1 Ra8
37.Rxa8 Rxa8 38.Bxb6 Kf7 39.Bc7 Ke7 40.c5 dxc5 41.bxc5 Kd7 42.Bb6 Bf4 43.c6+ Kd6
44.Bc5+ Kc7 45.Rb2 Ra6 46.Rb7+ Kc8 47.Bd6 Ra8 48.Rh7  1-0

[Event "ch-NED w"]
[Site "Leeuwarden NED"]
[Date "2004.06.30"]
[Round "2"]
[White "Muhren,B"]
[Black "Hamelink,D"]
[Result "1/2-1/2"]
[WhiteElo "2211"]
[BlackElo "2192"]

1.e4 c5 2.Nf3 d6 3.d4 cxd4 4.Nxd4 Nf6 5.Nc3 a6 6.Be3 e5 7.Nb3 Be6 8.f3 Be7
9.Qd2 O-O 10.O-O-O Qc7 11.g4 Rc8 12.Kb1 Nbd7 13.g5 Nh5 14.Nd5 Bxd5 15.exd5 g6
16.Bh3 a5 17.Nc1 a4 18.a3 Bf8 19.Nd3 Rd8 20.Bxd7 Rxd7 21.Rhf1 Bg7 22.f4 exf4
23.Nxf4 Nxf4 24.Rxf4 Be5 25.Rb4 Re7 26.Bd4 Qd7 27.h4 b5 28.Bxe5 Rxe5 29.Qd3 Ra5
30.Qc3 Ra6 31.Qd3 Ra5 32.Qc3 Ra6 33.Qd3  1/2-1/2

[Event "Open"]
[Site "Olomouc CZE"]
[Date "2004.07.05"]
[Round "1"]
[White "Simkin,A"]
[Black "Sundararajan,K"]
[Result "0-1"]
[WhiteElo "2026"]
[BlackElo "2452"]

1.e4 c5 2.Nf3 d6 3.d4 cxd4 4.Nxd4 Nf6 5.Nc3 a6 6.Be3 e6 7.g4 h6 8.g5 hxg5
9.Bxg5 Nc6 10.Qd2 Qb6 11.O-O-O Qxd4 12.Qxd4 Nxd4 13.Rxd4 Bd7 14.f3 Bc6 15.Bc4 Be7
16.Ne2 Rh3 17.Ng1 Rh5 18.h4 Nxe4 19.Bxe7 Ng3 20.Rh3 Nf5 21.Rxd6 Kxe7 22.Rd2 Rxh4
23.Rxh4 Nxh4 24.f4 Ng2 25.Rf2 Rh8 26.Kd2 Rh4 27.Ne2 e5 28.Ng3 Rxf4 29.Rxf4 Nxf4
30.Nf5+ Kf6 31.Nd6 Ne6 32.b4 b5 33.Bf1 Nd4 34.c4 Ke6 35.cxb5 axb5 36.Nc8 Bd7
37.Nb6 Be8 38.Bg2 Kd6 39.Nd5 Bc6 40.Ne3 Bxg2 41.Nxg2 f5 42.Kd3 g5 43.Ne3 g4
44.a4 bxa4 45.Kc4 g3 46.b5 f4  0-1

[Event "GM"]
[Site "Brno CZE"]
[Date "2004.07.06"]
[Round "5"]
[White "Rasik,V"]
[Black "Lagowski,P"]
[Result "1-0"]
[WhiteElo "2469"]
[BlackElo "2415"]

1.e4 c5 2.Nf3 d6 3.d4 cxd4 4.Nxd4 Nf6 5.Nc3 a6 6.Be3 e5 7.Nb3 Be7 8.f3 Be6
9.Qd2 O-O 10.O-O-O Qc7 11.g4 Rc8 12.Kb1 d5 13.exd5 Nxd5 14.Nxd5 Bxd5 15.Be2 Bxb3
16.axb3 Rd8 17.Qc3 Nc6 18.Qc4 g6 19.c3 b5 20.Qe4 Rab8 21.Rxd8+ Nxd8 22.f4 exf4
23.Bxf4 Bd6 24.Bxd6 Qxd6 25.Rd1 Qf6 26.Qd4 Qxd4 27.Rxd4 Ne6 28.Rd6 a5 29.Ra6 b4
30.Bc4 bxc3 31.bxc3 Nc5 32.Ra7 Nxb3 33.Bxf7+ Kh8 34.Bxb3 Rxb3+ 35.Kc2 Rb5
36.c4 Rg5 37.Kd3 a4 38.h4 Rxg4 39.c5 Rg1 40.c6 Rd1+ 41.Ke4 Rd8 42.c7 Rc8
43.Ke5 Kg7 44.Ke6 h6 45.Kd7 Rxc7+ 46.Kxc7 Kf6 47.Rxa4 Kf5 48.Kd6 g5 49.h5 g4
50.Ra5+ Kf4 51.Ke6 g3 52.Kf6  1-0

[Event "Skanska Cup"]
[Site "Olomouc CZE"]
[Date "2004.07.06"]
[Round "3"]
[White "Balabaev,T"]
[Black "Lagowski,P"]
[Result "0-1"]
[WhiteElo "2454"]
[BlackElo "2415"]

1.e4 c5 2.Nf3 d6 3.d4 cxd4 4.Nxd4 Nf6 5.Nc3 a6 6.Be3 e5 7.Nb3 Be7 8.f3 Be6
9.Qd2 O-O 10.O-O-O Qc7 11.g4 Rc8 12.Kb1 Nbd7 13.g5 Nh5 14.Nd5 Bxd5 15.exd5 Nb6
16.Na5 Nf4 17.Bxf4 exf4 18.Bh3 Re8 19.Qxf4 g6 20.Qd2 Bf8 21.b3 Bg7 22.c4 Re7
23.Rhe1 Rae8 24.Rxe7 Qxe7 25.Kc2 Qe5 26.Nxb7 Nxc4 27.bxc4 Qb2+ 28.Kd3 Qd4+
29.Kc2 Qxc4+ 30.Kb1 Rb8 31.Qc2 Rxb7+ 32.Kc1 Qf4+ 33.Rd2 Bb2+ 34.Kd1 Qxf3+
35.Re2 Qxh3  0-1

[Event "Skanska Cup"]
[Site "Olomouc CZE"]
[Date "2004.07.06"]
[Round "4"]
[White "Balabaev,T"]
[Black "Simacek,P"]
[Result "1/2-1/2"]
[WhiteElo "2454"]
[BlackElo "2439"]

1.e4 c5 2.Nf3 d6 3.d4 cxd4 4.Nxd4 Nf6 5.Nc3 a6 6.Be3 e6 7.f3 Be7 8.Qd2 Nc6
9.O-O-O O-O 10.g4 Nxd4 11.Bxd4 b5 12.a3 Nd7 13.Kb1 Rb8 14.Qg2 b4 15.axb4 Rxb4
16.Na2 Rb8 17.h4 Qc7 18.Qd2 Ne5 19.Be2 Nc6 20.Bc3 Rd8 21.Nb4 Nxb4 22.Bxb4 Bf6
23.b3 Rd7 24.g5 Be5 25.Ba3 d5 26.exd5 Rxd5 27.Qe3 Bb7 28.Bc4 Ra5 29.Bb2 Bxb2
30.Kxb2 Qc5 31.Rhe1 Qa3+ 32.Kc3 Bc6 33.Kd2 Rf5 34.f4 a5 35.Ke2 a4 36.Bd3 Ra5
37.bxa4 Rxa4 38.Rb1 Rd8 39.h5 Qd6 40.Rf1 Rd4 41.Rfd1 Rd5 42.Qf2 Qd7 43.Rf1 e5
44.fxe5 Qg4+ 45.Qf3 Qxf3+ 46.Rxf3 Re8 47.Re3 Bb5 48.Re1 Bxd3+ 49.cxd3 Rdxe5  1/2-1/2

[Event "HUN-POL Women's Match"]
[Site "Szeged HUN"]
[Date "2004.07.06"]
[Round "1"]
[White "Medvegy,N"]
[Black "Dworakowska,J"]
[Result "1-0"]
[WhiteElo "2407"]
[BlackElo "2402"]

1.e4 c5 2.Nf3 d6 3.d4 cxd4 4.Nxd4 Nf6 5.Nc3 a6 6.Be3 e5 7.Nf3 Be7 8.Bc4 O-O
9.Qd3 Be6 10.Bxe6 fxe6 11.Qc4 Qc8 12.Qb3 h6 13.O-O Nc6 14.Bb6 Nh5 15.Na4 Rf6
16.Rad1 Qe8 17.Nh4 Nf4 18.Nf5 Kh8 19.Nxe7 Qxe7 20.Kh1 Raf8 21.c3 Rg6 22.g3 Qg5
23.Rxd6 Qh5 24.Qd1 Qh3 25.Rg1 Rg5 26.gxf4 Rxf4 27.Rxg5 hxg5 28.Rd3 Qh4 29.Qf1 g4
30.Qg2 Nd4 31.cxd4 Rxf2 32.Qg3 Rf1+ 33.Kg2 Qf6 34.dxe5 Qf7 35.Qh4+  1-0

[Event "22nd Open"]
[Site "Andorra la Vella AND"]
[Date "2004.07.07"]
[Round "5"]
[White "Cheparinov,I"]
[Black "Bruned,B"]
[Result "1-0"]
[WhiteElo "2567"]
[BlackElo "2133"]

1.e4 c5 2.Nf3 d6 3.d4 cxd4 4.Nxd4 Nf6 5.Nc3 a6 6.Be3 Ng4 7.Bg5 h6 8.Bh4 g5
9.Bg3 Bg7 10.h3 Nf6 11.Bc4 Qb6 12.O-O O-O 13.Nde2 Qxb2 14.Bb3 Qa3 15.Kh1 Qa5
16.f4 gxf4 17.Bxf4 Qh5 18.Qd2 Nc6 19.Ng3 Qg6 20.Rae1 Nh5 21.Nf5 Bxf5 22.exf5 Ng3+
23.Bxg3 Qxg3 24.Ne4 Qh4 25.Rf4 Qh5 26.Qf2 Bd4 27.Qg3+ Kh7 28.Rh4 Qxf5 29.Ng5+ Kg7
30.Nxf7+  1-0

[Event "22nd Open"]
[Site "Andorra la Vella AND"]
[Date "2004.07.08"]
[Round "6"]
[White "Llaneza Vega,M"]
[Black "Hauchard,A"]
[Result "0-1"]
[WhiteElo "2289"]
[BlackElo "2480"]

1.e4 c5 2.Nf3 d6 3.d4 cxd4 4.Nxd4 Nf6 5.Nc3 a6 6.Be3 e5 7.Nb3 Be6 8.Qd2 Nbd7
9.f3 b5 10.a4 b4 11.Nd5 Bxd5 12.exd5 Nb6 13.Bxb6 Qxb6 14.a5 Qb7 15.Bc4 Be7
16.Ra4 Rb8 17.O-O O-O 18.Nc1 Bd8 19.Kh1 e4 20.fxe4 Nxe4 21.Qf4 f5 22.Nb3 Bf6
23.Qxf5 Rbe8 24.Qh3 Bxb2 25.Rxf8+ Kxf8 26.Qxh7 Nf6 27.Qh8+ Kf7 28.Qh4 Re4
29.Nc5 dxc5 30.d6+ Ke8 31.Qh8+ Kd7 32.Qxg7+ Kxd6 33.Qf8+ Qe7 34.Qb8+ Qc7
35.Qf8+ Ke5  0-1

[Event "Skanska Cup"]
[Site "Olomouc CZE"]
[Date "2004.07.08"]
[Round "7"]
[White "Laznicka,V"]
[Black "Babula,V"]
[Result "1/2-1/2"]
[WhiteElo "2434"]
[BlackElo "2569"]

1.e4 c5 2.Nf3 d6 3.d4 cxd4 4.Nxd4 Nf6 5.Nc3 a6 6.Be3 e5 7.Nb3 Be6 8.Be2 Nbd7
9.O-O Be7 10.a4 Rc8 11.Qd2 Nb6 12.Rfd1 O-O 13.Bg5 Ne8 14.Bxe7 Qxe7 15.a5 Nc4
16.Bxc4 Rxc4 17.Qd3 Qc7 18.Rd2 Rb4 19.Nd5 Bxd5 20.Qxd5 Rc4 21.c3 Rc6  1/2-1/2

[Event "ch-BEL"]
[Site "Westerlo BEL"]
[Date "2004.07.08"]
[Round "6"]
[White "Dutreeuw,M"]
[Black "Hautot,S"]
[Result "1-0"]
[WhiteElo "2344"]
[BlackElo "2336"]

1.e4 c5 2.Nf3 d6 3.d4 cxd4 4.Nxd4 Nf6 5.Nc3 a6 6.Be3 e5 7.Nde2 Ng4 8.Nd5 Nxe3
9.Nxe3 Be7 10.Nc3 O-O 11.Ncd5 Bg5 12.h4 Bxe3 13.Nxe3 Be6 14.Bc4 Qc7 15.Bd5 Nd7
16.Qd2 Nf6 17.O-O-O Rfd8 18.Qb4 Rac8 19.c3 Kf8 20.Rd2 Nxd5 21.Nxd5 Bxd5 22.Rxd5 Qc4
23.Qxc4 Rxc4 24.f3 Ke7 25.h5 f5 26.exf5 Rf4 27.h6 Rxf5 28.hxg7 h5 29.Rxd6 Rg5
30.Rxd8 Kxd8 31.g4 e4 32.gxh5 exf3  1-0

[Event "GM"]
[Site "Brno CZE"]
[Date "2004.07.09"]
[Round "9"]
[White "Mista,A"]
[Black "Kovchan,A"]
[Result "1/2-1/2"]
[WhiteElo "2443"]
[BlackElo "2497"]

1.e4 c5 2.Nf3 d6 3.d4 cxd4 4.Nxd4 Nf6 5.Nc3 a6 6.Be3 e5 7.Nb3 Be6 8.f3 h5
9.Qd2 Nbd7 10.O-O-O Rc8  1/2-1/2

[Event "Open"]
[Site "Olomouc CZE"]
[Date "2004.07.09"]
[Round "6"]
[White "Ramesh,R"]
[Black "Isonzo,D"]
[Result "1-0"]
[WhiteElo "2484"]
[BlackElo "2322"]

1.e4 c5 2.Nf3 d6 3.d4 cxd4 4.Nxd4 Nf6 5.Nc3 a6 6.Be3 e5 7.Nf3 Qc7 8.a4 b6
9.Bg5 Nbd7 10.Nd2 Bb7 11.Bc4 h6 12.Bxf6 Nxf6 13.O-O Be7 14.Qe2 O-O 15.Rfd1 Rfc8
16.Bb3 Bc6 17.Nf1 Qb7 18.Nd5 Nxd5 19.Bxd5 b5 20.axb5 axb5 21.Rxa8 Qxa8 22.g3 Bxd5
23.Rxd5 Qa4 24.b3 Qa2 25.Ne3 Bg5 26.Qg4 Ra8 27.Nf5 Qxc2 28.Kg2 Ra1 29.Nxd6 Qb1
30.Qc8+ Kh7 31.Qf5+ Kg8 32.Qxf7+ Kh7 33.Qf5+ Kg8 34.Kh3 Qf1+ 35.Kg4 Qe2+
36.f3 Bf6 37.Ne8 Ra6 38.Qg6 h5+ 39.Qxh5 Be7 40.Nd6 Bxd6 41.Qg6 Ra8 42.Qe6+ Kh8
43.Qxd6 Qxh2 44.Rxe5  1-0

[Event "GM"]
[Site "Brno CZE"]
[Date "2004.07.10"]
[Round "10"]
[White "Kovchan,A"]
[Black "Kalod,R"]
[Result "1/2-1/2"]
[WhiteElo "2497"]
[BlackElo "2461"]

1.e4 c5 2.Nf3 d6 3.d4 cxd4 4.Nxd4 Nf6 5.Nc3 a6 6.Be3 e6 7.f3 Be7 8.Qd2 O-O
9.g4 Nc6 10.O-O-O Nxd4 11.Bxd4 b5 12.g5 Nd7 13.h4 Qc7 14.Kb1 b4 15.Ne2 Ne5
16.Ng1 a5 17.f4 Nc4 18.Bxc4 Qxc4 19.Ne2 e5 20.b3 Qc6 21.fxe5 dxe5 22.Bxe5 Qxe4
23.Bb2 Ra6 24.Nf4 Rd6 25.Nd5 Qxd5 26.Qxd5 Rxd5 27.Rxd5 Bb7 28.Re1 Bxd5 29.Rxe7 f6
30.Ra7 Be4 31.Re7 Bg6 32.Rc7 Re8 33.Kc1 Re1+ 34.Kd2 Rf1 35.Ke3 Re1+ 36.Kf3 Rf1+
37.Ke3 Re1+ 38.Kd2 Rf1 39.Ke3  1/2-1/2

[Event "Glassy Stream Open"]
[Site "Kharkov UKR"]
[Date "2004.07.10"]
[Round "3"]
[White "Zhornik,N"]
[Black "Cicariova,E"]
[Result "1-0"]
[WhiteElo "2280"]
[BlackElo "2085"]

1.e4 c5 2.Nf3 d6 3.d4 cxd4 4.Nxd4 Nf6 5.Nc3 a6 6.Be3 e5 7.Nb3 Be6 8.f3 b5
9.Qd2 Nbd7 10.g4 h6 11.O-O-O Nb6 12.Qf2 Nfd7 13.Kb1 Nc4 14.Bc1 Rb8 15.Nd5 a5
16.Nd2 Bxd5 17.exd5 Qc7 18.Ne4 a4 19.h4 a3 20.b3 Nb2 21.Re1 Be7 22.f4 exf4
23.Nxd6+ Qxd6 24.Bxf4 Qb4 25.d6 Nd1 26.Rxe7+ Kd8 27.Rxd7+ Kxd7 28.Qa7+ Ke6
29.Qe7+ Kd5 30.Bg2+  1-0

[Event "15th Open"]
[Site "Ljubjana SLO"]
[Date "2004.07.10"]
[Round "1"]
[White "Sax,G"]
[Black "Ravnik,F"]
[Result "1-0"]
[WhiteElo "2535"]
[BlackElo "2006"]

1.e4 c5 2.Nf3 d6 3.d4 cxd4 4.Nxd4 Nf6 5.Nc3 a6 6.Be3 e5 7.Nb3 Be6 8.f4 Be7
9.f5 Bd7 10.Qf3 b5 11.Bd3 Nc6 12.g4 h5 13.g5 Ng4 14.h4 Nb4 15.O-O-O Rc8 16.Kb1 Qc7
17.Nd5 Nxd5 18.exd5 O-O 19.Rhg1 Rfe8 20.Nd2 f6 21.Rxg4 hxg4 22.Qxg4 fxg5
23.hxg5 g6 24.Rh1 Rf8 25.Qh4  1-0

[Event "TCh-EY"]
[Site "Obrenovac SCG"]
[Date "2004.07.10"]
[Round "1"]
[White "Laznicka,V"]
[Black "Baramidze,D"]
[Result "1/2-1/2"]
[WhiteElo "2434"]
[BlackElo "2487"]

1.e4 c5 2.Nf3 d6 3.d4 cxd4 4.Nxd4 Nf6 5.Nc3 a6 6.Be3 e5 7.Nb3 Be6 8.Be2 Be7
9.O-O O-O 10.Qd2 Nbd7 11.a4 Rc8 12.a5 Nc5 13.Nxc5 dxc5 14.Qxd8 Rfxd8 15.f3 c4
16.Na4 Nd7 17.Rfd1 Bb4 18.Bd2 Bxd2 19.Rxd2 Kf8 20.Kf2 Ke7 21.Ke3 Rc6 22.g3 g5
23.Rh1 h6 24.h4 Rg8 25.g4 Rb8 26.hxg5 hxg5 27.Rh5 b5 28.axb6 Nxb6 29.Nc3 Nd7
30.Nd5+ Bxd5 31.exd5 Rc5 32.c3 Nf6 33.d6+ Ke6 34.Rxg5 Rd8 35.Rg7 Nd5+ 36.Kf2 Rxd6
37.g5 Ke7 38.g6 Rxg6 39.Rxg6 fxg6 40.Bxc4 Nxc3 41.Bxa6 Nd5 42.Bd3 Nf4 43.Be4 Rb5
44.Kg3 Rb6 45.Kg4 Kf6 46.Rc2 Rb4 47.Rc6+ Kg7 48.Rc7+ Kf6 49.Rc2 Rd4 50.Rc6+ Kg7
51.Rc7+ Kf6 52.Rc6+ Kg7 53.Kg3 Kf7 54.Rc2 Kf6 55.Kf2  1/2-1/2

[Event "Open"]
[Site "Olomouc CZE"]
[Date "2004.07.10"]
[Round "7"]
[White "Bakre,T"]
[Black "Sundararajan,K"]
[Result "1/2-1/2"]
[WhiteElo "2492"]
[BlackElo "2452"]

1.e4 c5 2.Nf3 d6 3.d4 cxd4 4.Nxd4 Nf6 5.Nc3 a6 6.Be3 e6 7.f4 b5 8.Qf3 Bb7
9.Bd3 Nbd7 10.g4 h6 11.Nce2 e5 12.Nb3 exf4 13.Bxf4 h5 14.gxh5 Nxh5 15.O-O-O Nxf4
16.Nxf4 Ne5 17.Qg2 g6 18.Kb1 Bg7 19.Nd5 Bxd5 20.exd5 Qh4 21.Be2 Rc8 22.Nd4 Qh3
23.Qf2 Qh4  1/2-1/2

[Event "GM"]
[Site "Brno CZE"]
[Date "2004.07.11"]
[Round "11"]
[White "Kalod,R"]
[Black "Lagowski,P"]
[Result "1-0"]
[WhiteElo "2461"]
[BlackElo "2415"]

1.e4 c5 2.Nf3 d6 3.d4 cxd4 4.Nxd4 Nf6 5.Nc3 a6 6.Be3 e5 7.Nb3 Be7 8.f3 Be6
9.Qd2 O-O 10.O-O-O Qc7 11.g4 Rc8 12.g5 Nh5 13.Nd5 Bxd5 14.exd5 Nd7 15.Kb1 Nb6
16.Rg1 Nf4 17.Bxf4 exf4 18.Rg2 g6 19.Qxf4 Bf8 20.h4 Bg7 21.h5 Re8 22.hxg6 hxg6
23.Qh4 Re3 24.Rh2 Rae8 25.Bd3 Nxd5 26.Rdh1 Kf8 27.Qf2 Qe7 28.Be4 Qe5 29.c4 Rxb3
30.axb3 Nb4 31.Qb6 a5 32.Rd2 Qxg5 33.Qxd6+ Kg8 34.Qd7 Kf8 35.Rhd1 Qe3 36.Qb5 Bf6
37.Qxa5 Qxb3 38.Qa3 Qxc4 39.Rc2 Qb5 40.Rd5 Qb6 41.Rc4 Qg1+ 42.Rc1 Qb6 43.Rd7 Be7
44.Rxb7 Qd6 45.Qc3 f5 46.Qh8+ Kf7 47.Qh7+ Kf6 48.Rg1 Ke5 49.Rb5+ Kf4 50.Qh2+  1-0

[Event "15th Open"]
[Site "Ljubjana SLO"]
[Date "2004.07.11"]
[Round "2"]
[White "Ivanec,D"]
[Black "Ftacnik,L"]
[Result "0-1"]
[WhiteElo "2169"]
[BlackElo "2549"]

1.e4 c5 2.Nf3 d6 3.d4 cxd4 4.Nxd4 Nf6 5.Nc3 a6 6.Be3 e5 7.Nf3 Qc7 8.Be2 Be7
9.O-O O-O 10.Nd2 Be6 11.Kh1 Nbd7 12.a4 Rac8 13.f4 exf4 14.Bxf4 Ne5 15.Qe1 Qb6
16.Rb1 Ng6 17.Bg3 Rfe8 18.Bd3 Bd8 19.Qe2 Qb4 20.Nf3 Nh5 21.Be1 Nhf4 22.Qd1 Nxd3
23.cxd3 Bb3 24.Qc1 Bb6 25.Qg5 Qc5 26.Qd2 Qe3 27.Bf2 Qxd2 28.Nxd2 Bxf2 29.Nxb3 Ba7
30.Na5 Ne5 31.Nxb7 Re6 32.Nd5 Nxd3 33.Nf4 Nxf4 34.Rxf4 Bb8 35.b4 d5 36.Rg4 dxe4
37.Nc5 f5 38.Nxe6 fxg4 39.Nc5 e3 40.g3 Ba7 41.Nxa6 e2 42.Re1 Rf8  0-1

[Event "15th Open"]
[Site "Ljubjana SLO"]
[Date "2004.07.11"]
[Round "3"]
[White "Krstic,U"]
[Black "Palac,M"]
[Result "0-1"]
[WhiteElo "2366"]
[BlackElo "2549"]

1.e4 c5 2.Nf3 d6 3.d4 cxd4 4.Nxd4 Nf6 5.Nc3 a6 6.Be3 e5 7.Nb3 Be6 8.Qd2 Be7
9.O-O-O Ng4 10.g3 Nxe3 11.Qxe3 Nd7 12.Kb1 b5 13.f4 b4 14.Nd5 Bxd5 15.Rxd5 O-O
16.Be2 Qc7 17.Rc1 Nb6 18.Ra5 exf4 19.gxf4 Bf6 20.Bxa6 Bxb2 21.Rg1 g6 22.Qd3 Bg7
23.Rd1 Rfd8 24.h4 Qe7 25.h5 Qf6 26.c3 bxc3 27.hxg6 hxg6 28.f5 d5 29.exd5 Nxd5
30.Rxd5 Rxd5  0-1

[Event "Skanska Cup"]
[Site "Olomouc CZE"]
[Date "2004.07.12"]
[Round "11"]
[White "Laznicka,V"]
[Black "Simacek,P"]
[Result "1/2-1/2"]
[WhiteElo "2434"]
[BlackElo "2439"]

1.e4 c5 2.Nf3 d6 3.d4 cxd4 4.Nxd4 Nf6 5.Nc3 a6 6.Be3 e6 7.Bd3 b5 8.a3 Bb7
9.f4 Nbd7 10.Qf3 Nc5 11.b4 Nxd3+ 12.cxd3 e5 13.Nde2 Be7 14.O-O O-O 15.Ng3 Rc8
16.Rac1 exf4 17.Qxf4 Ne8 18.Nce2 Bf6 19.Bd4 Rxc1 20.Qxc1 Bxd4+ 21.Nxd4 Nc7
22.Ngf5 Ne6 23.Qe3 Kh8 24.Qg3 Qf6 25.Nxe6 fxe6 26.Ne3 Qd8 27.Rxf8+ Qxf8 28.h3 h6
29.Qf2 Qe7 30.Qf4 Kg8 31.Kh2 Qf8  1/2-1/2

[Event "15th Open"]
[Site "Ljubjana SLO"]
[Date "2004.07.13"]
[Round "5"]
[White "Sax,G"]
[Black "Jakovljevic,Vlado"]
[Result "1-0"]
[WhiteElo "2535"]
[BlackElo "2426"]

1.e4 c5 2.Nf3 d6 3.d4 cxd4 4.Nxd4 Nf6 5.Nc3 a6 6.Be3 e6 7.f3 Nc6 8.g4 Be7
9.Qd2 O-O 10.O-O-O Nxd4 11.Bxd4 b5 12.Kb1 b4 13.Ne2 a5 14.Be3 Bb7 15.Nd4 Nd7
16.h4 d5 17.Bb5 Rc8 18.Bg5 Ne5 19.Qe2 f6 20.Nxe6 Qd6 21.Nxf8 fxg5 22.Nxh7 gxh4
23.f4 Ng6 24.e5 Qc7 25.Rhf1 Nxf4 26.Rxf4 Kxh7 27.Rf7 Kg8 28.Rdf1 d4 29.Bd3 Bd5
30.e6 Qd6 31.g5 Qd8  1-0

[Event "15th Open"]
[Site "Ljubjana SLO"]
[Date "2004.07.13"]
[Round "5"]
[White "Ivanec,D"]
[Black "Bratovic,B"]
[Result "0-1"]
[WhiteElo "2169"]
[BlackElo "2332"]

1.e4 c5 2.Nf3 d6 3.d4 cxd4 4.Nxd4 Nf6 5.Nc3 a6 6.Be3 e6 7.f3 b5 8.Qd2 Nbd7
9.O-O-O Bb7 10.g4 Nb6 11.g5 Nfd7 12.h4 Rc8 13.Qg2 Rxc3 14.bxc3 Qc7 15.g6 hxg6
16.Nxe6 fxe6 17.Qxg6+ Ke7 18.Bh3 Nf6 19.h5 Nc4 20.Bf4 Qa5 21.Rdg1 Qxc3 22.Kd1 Qxf3+  0-1

[Event "ch-SWE"]
[Site "Gothenburg SWE"]
[Date "2004.07.15"]
[Round "6"]
[White "Hermansson,E"]
[Black "Agrest,E"]
[Result "0-1"]
[WhiteElo "2428"]
[BlackElo "2602"]

1.e4 c5 2.Nf3 d6 3.d4 Nf6 4.Nc3 cxd4 5.Nxd4 a6 6.Be3 e6 7.f3 b5 8.g4 b4 9.Nce2 h6
10.Qd2 e5 11.Nb3 Nc6 12.O-O-O a5 13.Kb1 Be6 14.Ng3 a4 15.Nc1 Rb8 16.h4 d5
17.Bd3 d4 18.Bf2 b3 19.cxb3 axb3 20.a3 Nd7 21.g5 Nc5 22.f4 Na4 23.f5 Nc3+
24.bxc3 b2 25.Nce2 Bb3 26.cxd4 Qd6 27.Bb5 Rxb5 28.dxe5 Ba2+ 29.Kc2 b1=Q+
30.Rxb1 Bxb1+ 31.Rxb1 Qxd2+  0-1

[Event "ch-Montenegro"]
[Site "Bijelo Polje SCG"]
[Date "2004.07.16"]
[Round "1"]
[White "Rabrenovic,M"]
[Black "Krivokapic,M"]
[Result "1/2-1/2"]
[WhiteElo "2300"]
[BlackElo "2329"]

1.e4 c5 2.Nf3 d6 3.d4 cxd4 4.Nxd4 Nf6 5.Nc3 a6 6.Be3 e6 7.f3 b5 8.g4 h6 9.Qd2 Nbd7
10.h4 Bb7 11.O-O-O b4 12.Na4 Qa5 13.b3 Nc5 14.a3 Nxa4 15.axb4 Qc7 16.bxa4 d5
17.e5 Nd7 18.f4 Nb6 19.f5 Nxa4 20.fxe6 Nc3 21.exf7+ Kxf7 22.Bd3 Bxb4 23.Rdf1+ Kg8
24.Qf2 Ba3+ 25.Kd2 Bb4  1/2-1/2